Seinfeld Surnames Quiz Stats

 Plays Quiz Updated Jan 30, 2019

Support Sporcle.
Go Orange.
Score 0/16 Timer 04:00
1 Play Today
First Name Last Name % Correct
CosmoKramer
96%
EstelleCostanza
93.8%
MortySeinfeld
84.7%
ElaineBenes
80.1%
DavidPuddy
52.5%
'Crazy' JoeDavola
48%
Dr. TimWhatley
47.9%
KennyBania
46.8%
First Name Last Name % Correct
JackieChiles
40.1%
SusanRoss
39.7%
Jacopo 'J'Peterman
38.2%
GeorgeSteinbrenner
32%
MickeyAbbott
17.1%
JustinPitt
16.1%
JackKlompus
14.6%
RussellDalrymple
13.8%

From the Vault

Two 'F' Words by One Hint II

by DesertSpartan

We try to keep 'F' words to a minimum around here, but this quiz is an exception.
Remove Ads.
Support Sporcle.
Get the best of Sporcle when you Go Orange. This ad-free experience offers more features, more stats, and more fun while also helping to support Sporcle. Thank you for becoming a member.

Show Comments

Extras

Top Quizzes Today


Score Distribution

Your Account Isn't Verified!

In order to create a playlist on Sporcle, you need to verify the email address you used during registration. Go to your Sporcle Settings to finish the process.

Report this User

Report this user for behavior that violates our Community Guidelines.

Details: